000 00501nam a2200205Ia 4500
008 180523s9999 xx 000 0 und d
020 _a81-207-2579-4
050 _aMAIN GV 995
050 _b.P36 2007
100 _aPankhurst, Anne.
245 0 _aAll you wanted to know about tennis /
245 0 _cAnne PankHurst.
260 _aNew Delhi :
260 _bNew Dawn Press,
260 _c2007
300 _a144 pages :
300 _billustrations ;
300 _c15 cm.
650 _aTennis.
999 _c356739
_d356739